00526nam a2200181Ia 4500003000500000008004100005020001800046040001900064082000700083100001600090245002900106260003100135300000800166546001200174942001200186999001700198952012900215STCL181203s9999 xx 000 0 und d a9780007421671 aSTCLbENcSTCL 222 aLewis, C.S. 4aThe Chronicles of Narnia bHaper CollinsaNoidac2010 a766 aEnglish 2ddccBK c87116d87116 00102ddc4070aSTCALbSTCALcGENd2018-12-03l22m7o823.912 LEW-Tp95745r2026-01-13 09:56:34s2025-12-15w2018-12-03yBK